| 000 | 00595cab a22002055a 4500 | ||
|---|---|---|---|
| 001 | L158557 | ||
| 008 | 150424e20150404xxk 000 0 eng d | ||
| 035 | _a(Sirsi) u158557 | ||
| 041 | 0 | _aeng | |
| 100 | 1 | _aRowling, Jon | |
| 245 | 0 | 0 | _aADR takes the next step |
| 260 | _c2015 | ||
| 490 |
_aEstates Gazette _v(1513) 4 April 2015, 74-76(3) |
||
| 520 | _aDiscusses the characteristics of a new form of ADR created to deal with lease-end dilapidations disputes. | ||
| 590 | _aKA | ||
| 651 | 4 | _aUnited Kingdom | |
| 690 |
_aDispute resolution _96236 |
||
| 700 | 1 | _aWoudman, Kevin | |
| 942 | _n0 | ||
| 999 |
_c84624 _d84624 |
||